| 000 | 00651 a2200253 4500 | ||
|---|---|---|---|
| 005 | 20260129110051.0 | ||
| 008 | 260128b |||||||| |||| 00| 0 eng d | ||
| 020 |
_a9781394183869 _c$ 111.95 |
||
| 040 | _aMAIN | ||
| 082 |
_a540 _bB561C(3) |
||
| 100 | _aBlackman, Allan | ||
| 245 | _aChemistry: Core concepts | ||
| 250 | _a3rd | ||
| 260 |
_bJohn Wiley _c2024 _aBrisbane |
||
| 300 | _ax, 957 | ||
| 650 | _aChemistry | ||
| 650 | _aReaction Kinetics | ||
| 650 | _aOrganic Chemistry | ||
| 700 | _aSoutham, Daniel | ||
| 700 | _aLawrie, Gwendolyn | ||
| 700 | _aWilliamson, Natalie | ||
| 700 | _aThompson, christopher | ||
| 942 | _cBK | ||
| 999 |
_c394572 _d394572 |
||